ბათუმის შოთა რუსთაველის სახელმწიფო უნივერსიტეტის ბიბლიოთეკა

გეორგიკა. ტ. 7, [XII-XIV საუკუნეთა ბიზანტიურ-ბერძნული მასალები] / (ბიბ.ჩანაწერი № 60345)

000 -ლიდერი
ფიქსირებული სიგრძის საკონტროლო ველი 02110nam a22002417a 4500
003 - საკონტროლო ნომრის იდენტიფიკატორი
საკონტროლო ველი Ge_BSU
005 - ბოლო ოპერაციის თარიღი და დრო
საკონტროლო ველი 20230630172848.0
008 - ფიქსირებული სიგრძის მონაცემთა ელემენტები - ზოგადი ინფორმაცია
ფიქსირებული სიგრძის საკონტროლო ველი 230630s1967 ge ||||| |||| 00| 0 geo d
041 ## - ენის კოდი
Language code of text/sound track or separate title geo
080 ## - უნივერსალური ათობითი კლასიფიკაციის ინდექსი
Universal Decimal Classification number 94(479.22)(093) გ-34
245 ## - ცნობა სათაურის შესახებ
Title გეორგიკა. ტ. 7, [XII-XIV საუკუნეთა ბიზანტიურ-ბერძნული მასალები] /
Statement of responsibility, etc ტექსტები ქართ. თარგმანითურთ გამოსცა და განმარტებები დაურთო ს. ყაუხჩიშვილმა ; საქ. სსრ მეცნ. აკადემია, საქ. შესახებ არსებული უცხოური წყაროების კომისია, აღმოსავლეთმცოდნეობის ინსტიტუტი.
264 ## - წარმოების, გამოცემის, დისტრიბუციის და სხვა ცნობები
გამოცემის, წარმოების, დისტრიბუციის... ადგილი თბილისი :
გამოცემის, წარმოების, დისტრიბუციის... სახელწოდება მეცნიერება,
გამოცემის, წარმოების, დისტრიბუციის... თარიღი 1967.
300 ## - ფიზიკური აღწერა
Extent 332 გვ.;
Other physical details 23 სმ.
440 ## - სერიის ცნობა / დამატებულია ჩანაწერი - სათაური
International Standard Serial Number
9 (RLIN) 19118
490 ## - სერიის ცნობა
Series statement უცხოური წყაროები საქართველოს შესახებ ; XX
500 ## - ზოგადი შენიშვნა
General note ტექსტი პარალ. ბერძნ. და ქართ. ენ.
653 ## - INDEX TERM--UNCONTROLLED
Uncontrolled term საქართველოს ისტორიის ბიზანტიური წყაროები
653 ## - INDEX TERM--UNCONTROLLED
Uncontrolled term საქართველოს ისტორიის ბერძნული წყაროები
700 ## - ADDED ENTRY--PERSONAL NAME
Personal name გამყრელიძე, ალ.,
Relator term მთარგმნელი.
9 (RLIN) 19119
700 ## - ADDED ENTRY--PERSONAL NAME
Personal name ყაუხჩიშვილი, ს.
Relator term მთარგმნელი.
9 (RLIN) 19120
710 ## - ADDED ENTRY--CORPORATE NAME
Corporate name or jurisdiction name as entry element საქართველოს სსრ მეცნიერებათა აკადემია
Subordinate unit საქართველოს შესახებ არსებული უცხოური წყაროების კომისია. ივ. ჯავახიშვილის სახ. ისტორიის ინსტიტუტი.
9 (RLIN) 19121
942 ## - ADDED ENTRY ELEMENTS (KOHA)
Source of classification or shelving scheme
Koha item type წიგნი
ეგზემპლარები
ჩამოწერის სტატუსი დაკარგული ეგზემპლარის სტატუსი კლასიფიკაციის წყარო ან თაროზე გაწყობის სქემა დაზიანების სტატუსი არ გაიცემა მუდმივი მდებარეობა (დაცვის ადგილი) ამჟამინდელი ადგილსამყოფელი თაროზე განთავსების ადგილი შეძენის თარიღი სრული შენახვის შიფრი შტრიხკოდი ბოლო ოპერაციის თარიღი ეგზემპლარის მიმდევრობითი ნომერი (კეტერი?) Uniform Resource Identifier ფასის ძალაში შესვლის თარიღი ეგზემპლარის სახეობა საჯარო შენიშვნა
          ბათუმის შოთა რუსთაველის სახელმწიფო უნივერსიტეტის მთავარი ბიბლიოთეკა ბათუმის შოთა რუსთაველის სახელმწიფო უნივერსიტეტის მთავარი ბიბლიოთეკა წიგნსაცავი 2023-06-30 94(479.22)(093) გ-34 64882 2023-06-30 64882 ბსუ-ს საპატიო დოქტორის გურამ ლორთქიფანიძის საჩუქარი 2023-06-30 წიგნი 5 ლ.